[Event "Blitz 2018"]
[Site "Saint-Petersburg"]
[Date "2018.12.29"]
[Round "2"]
[Board "14"]
[White "Saric Ivan (CRO)"]
[Black "Mamedov Rauf (AZE)"]
[Result "0-1"]
[LiveChessVersion "1.4.8"]
[BlackElo "2741"]
[WhiteElo "2572"]

1. e4 {[%clk 0:03:03]} e5 {[%clk 0:03:04]} 2. Nf3 {[%clk 0:03:04]} d6
{[%clk 0:03:05]} 3. d4 {[%clk 0:03:05]} exd4 {[%clk 0:03:06]} 4. Nxd4
{[%clk 0:03:06]} Nf6 {[%clk 0:03:08]} 5. Nc3 {[%clk 0:03:08]} g6 {[%clk 0:03:09]}
6. Be3 {[%clk 0:03:06]} Bg7 {[%clk 0:03:09]} 7. Qd2 {[%clk 0:03:07]} O-O
{[%clk 0:02:56]} 8. O-O-O Re8 9. f3 {[%clk 0:02:43]} Nc6 {[%clk 0:02:49]} 10. Kb1
{[%clk 0:02:34]} Nxd4 {[%clk 0:02:47]} 11. Bxd4 {[%clk 0:02:33]} Be6
{[%clk 0:02:48]} 12. Nd5 {[%clk 0:02:06]} Bxd5 {[%clk 0:02:08]} 13. exd5
{[%clk 0:02:07]} c5 {[%clk 0:02:09]} 14. dxc6 {[%clk 0:01:53]} bxc6
{[%clk 0:02:10]} 15. g4 {[%clk 0:01:43]} d5 {[%clk 0:00:52]} 16. h4
{[%clk 0:01:34]} Rb8 {[%clk 0:00:53]} 17. b3 {[%clk 0:01:23]} Qd6
{[%clk 0:00:44]} 18. h5 {[%clk 0:01:17]} c5 {[%clk 0:00:45]} 19. Bb2
{[%clk 0:01:15]} d4 {[%clk 0:00:43]} 20. hxg6 {[%clk 0:01:11]} hxg6
{[%clk 0:00:44]} 21. Bc4 {[%clk 0:01:11]} Nd5 {[%clk 0:00:45]} 22. Bxd5
{[%clk 0:01:01]} Qxd5 {[%clk 0:00:46]} 23. Qh2 {[%clk 0:00:48]} Qxf3
{[%clk 0:00:21]} 24. Qh7+ {[%clk 0:00:27]} Kf8 {[%clk 0:00:23]} 25. Rdf1
{[%clk 0:00:21]} Qd5 {[%clk 0:00:19]} 26. Bc1 {[%clk 0:00:13]} d3
{[%clk 0:00:20]} 27. Bh6 {[%clk 0:00:08]} dxc2+ {[%clk 0:00:21]} 28. Kc1
{[%clk 0:00:08]} Bxh6+ {[%clk 0:00:15]} 29. Qxh6+ {[%clk 0:00:09]} Ke7
{[%clk 0:00:16]} 30. Qf4 {[%clk 0:00:05]} Kd7 {[%clk 0:00:13]} 31. Rh2
{[%clk 0:00:05]} Kc6 {[%clk 0:00:14]} 32. Rxc2 {[%clk 0:00:06]} Qe5
{[%clk 0:00:13]} 33. Qa4+ {[%clk 0:00:07]} Kb6 {[%clk 0:00:13]} 34. Kb1
{[%clk 0:00:07]} Re7 {[%clk 0:00:09]} 35. Rfc1 {[%clk 0:00:05]} Qe4
{[%clk 0:00:05]} 36. Qa3 {[%clk 0:00:04]} Rc7 {[%clk 0:00:06]} 37. Qb2
{[%clk 0:00:04]} Rbc8 {[%clk 0:00:05]} 38. b4 {[%clk 0:00:03]} c4
{[%clk 0:00:06]} 39. a4 {[%clk 0:00:04]} c3 {[%clk 0:00:07]} 40. Qb3
{[%clk 0:00:05]} Rc4 {[%clk 0:00:08]} 41. a5+ {[%clk 0:00:03]} Kb7
{[%clk 0:00:09]} 42. Ka2 {[%clk 0:00:04]} Rxb4 43. Qxf7+ {[%clk 0:00:05]} Ka8
{[%clk 0:00:11]} 44. Rxc3 Ra4+ {[%clk 0:00:11]} 45. Kb2 {[%clk 0:00:03]} Rb8+
{[%clk 0:00:12]} 46. Rb3 {[%clk 0:00:04]} Rxb3+ {[%clk 0:00:12]} 47. Kxb3 Qb4+
{[%clk 0:00:11]} 48. Kc2 {[%clk 0:00:06]} Qc5+ {[%clk 0:00:11]} 49. Kd3
{[%clk 0:00:04]} Rd4+ {[%clk 0:00:12]} 50. Ke2 {[%clk 0:00:05]} Re4+
{[%clk 0:00:09]} 51. Kf3 {[%clk 0:00:04]} Qe3+ {[%clk 0:00:10]} 52. Kg2
{[%clk 0:00:04]} Rxg4+ {[%clk 0:00:11]} 53. Kh2 0-1

[Event "Blitz 2018"]
[Site "Saint-Petersburg"]
[Date "2018.12.29"]
[Round "2"]
[Board "15"]
[White "Zubov Alexander (UKR)"]
[Black "Grachev Boris (RUS)"]
[Result "0-1"]
[LiveChessVersion "1.4.8"]
[BlackElo "2571"]
[WhiteElo "2729"]

1. d4 {[%clk 0:03:02]} d5 {[%clk 0:03:03]} 2. c4 {[%clk 0:03:01]} e6
{[%clk 0:03:05]} 3. Nf3 {[%clk 0:02:53]} Nf6 {[%clk 0:03:06]} 4. Nc3
{[%clk 0:02:52]} dxc4 {[%clk 0:03:07]} 5. e3 {[%clk 0:02:33]} a6 {[%clk 0:03:08]}
6. Bxc4 {[%clk 0:02:27]} b5 {[%clk 0:03:09]} 7. Bb3 {[%clk 0:02:26]} Bb7
{[%clk 0:03:09]} 8. Qe2 {[%clk 0:02:21]} Nbd7 {[%clk 0:03:03]} 9. O-O
{[%clk 0:01:52]} c5 {[%clk 0:02:48]} 10. Rd1 {[%clk 0:01:52]} Qb8
{[%clk 0:02:35]} 11. e4 {[%clk 0:01:37]} cxd4 {[%clk 0:02:27]} 12. Nxd4
{[%clk 0:01:30]} Bd6 {[%clk 0:02:26]} 13. g3 {[%clk 0:01:09]} O-O
{[%clk 0:02:25]} 14. f3 {[%clk 0:01:10]} h5 {[%clk 0:01:18]} 15. Bg5
{[%clk 0:01:02]} Nc5 {[%clk 0:01:05]} 16. Bxf6 {[%clk 0:00:48]} Nxb3
{[%clk 0:00:57]} 17. axb3 {[%clk 0:00:17]} gxf6 {[%clk 0:00:57]} 18. f4
{[%clk 0:00:13]} Rd8 {[%clk 0:00:58]} 19. Kg2 {[%clk 0:00:08]} b4
{[%clk 0:00:54]} 20. Na4 {[%clk 0:00:06]} f5 {[%clk 0:00:55]} 21. Qxh5
{[%clk 0:00:06]} Bxe4+ {[%clk 0:00:55]} 22. Kf1 {[%clk 0:00:05]} Be7
{[%clk 0:00:50]} 23. Rd2 {[%clk 0:00:04]} Bf6 {[%clk 0:00:46]} 24. Rad1
{[%clk 0:00:04]} Qc7 {[%clk 0:00:32]} 25. Nf3 {[%clk 0:00:03]} Rxd2
{[%clk 0:00:31]} 26. Rxd2 {[%clk 0:00:05]} Rd8 {[%clk 0:00:25]} 27. Ke2
{[%clk 0:00:04]} Rxd2+ {[%clk 0:00:20]} 28. Nxd2 {[%clk 0:00:05]} Qc2
{[%clk 0:00:20]} 29. g4 {[%clk 0:00:06]} Qd3+ {[%clk 0:00:20]} 30. Ke1
{[%clk 0:00:07]} Qe3+ {[%clk 0:00:18]} 31. Kd1 {[%clk 0:00:09]} Qg1+
{[%clk 0:00:18]} 32. Ke2 {[%clk 0:00:10]} Qg2+ {[%clk 0:00:15]} 33. Ke1
{[%clk 0:00:10]} Bd3 {[%clk 0:00:11]} 34. gxf5 {[%clk 0:00:09]} Qg1+
{[%clk 0:00:12]} 35. Nf1 {[%clk 0:00:10]} Qxf1+ {[%clk 0:00:09]} 36. Kd2
{[%clk 0:00:12]} Bxf5 {[%clk 0:00:10]} 0-1

[Event "Blitz 2018"]
[Site "Saint-Petersburg"]
[Date "2018.12.29"]
[Round "2"]
[Board "16"]
[White "Timofeev Artyom (RUS)"]
[Black "Guseinov Gadir (AZE)"]
[Result "1-0"]
[LiveChessVersion "1.4.8"]
[BlackElo "2708"]
[WhiteElo "2568"]

1. c4 {[%clk 0:03:03]} g6 {[%clk 0:03:03]} 2. Nc3 {[%clk 0:03:02]} Bg7
{[%clk 0:03:05]} 3. g3 {[%clk 0:03:02]} d6 {[%clk 0:03:03]} 4. Bg2
{[%clk 0:03:03]} e5 {[%clk 0:03:04]} 5. e3 {[%clk 0:03:01]} f5 {[%clk 0:03:04]}
6. Nge2 {[%clk 0:03:01]} Nf6 {[%clk 0:03:05]} 7. O-O {[%clk 0:02:59]} O-O
{[%clk 0:03:05]} 8. b4 {[%clk 0:02:48]} c6 {[%clk 0:03:04]} 9. b5
{[%clk 0:02:48]} Be6 {[%clk 0:03:06]} 10. bxc6 {[%clk 0:02:42]} bxc6
{[%clk 0:03:05]} 11. Qa4 {[%clk 0:02:34]} d5 {[%clk 0:02:58]} 12. Ba3
{[%clk 0:02:28]} Re8 {[%clk 0:02:56]} 13. cxd5 {[%clk 0:02:13]} cxd5
{[%clk 0:02:50]} 14. f4 {[%clk 0:02:13]} e4 {[%clk 0:02:47]} 15. Nd4
{[%clk 0:02:14]} Bf7 {[%clk 0:02:42]} 16. Rfc1 {[%clk 0:02:09]} Nfd7
{[%clk 0:02:32]} 17. Bf1 {[%clk 0:01:49]} Nb6 {[%clk 0:02:33]} 18. Qb5
{[%clk 0:01:46]} a6 {[%clk 0:02:24]} 19. Qb3 {[%clk 0:01:04]} Nc4
{[%clk 0:01:43]} 20. Bxc4 {[%clk 0:01:03]} dxc4 {[%clk 0:01:43]} 21. Qb7
{[%clk 0:01:04]} Bxd4 {[%clk 0:01:18]} 22. Qxa8 {[%clk 0:01:02]} Bxc3
{[%clk 0:01:03]} 23. dxc3 {[%clk 0:00:48]} Qb6 {[%clk 0:01:04]} 24. Kf2
{[%clk 0:00:39]} Nc6 {[%clk 0:01:05]} 25. Rab1 {[%clk 0:00:40]} Qa5
{[%clk 0:00:27]} 26. Qxc6 {[%clk 0:00:41]} Qxa3 {[%clk 0:00:28]} 27. Rc2
{[%clk 0:00:41]} Rd8 {[%clk 0:00:19]} 28. Rb7 {[%clk 0:00:39]} Qf8
{[%clk 0:00:17]} 29. Rcb2 {[%clk 0:00:17]} Bd5 {[%clk 0:00:15]} 30. Qc7
{[%clk 0:00:18]} Bxb7 {[%clk 0:00:07]} 31. Rxb7 {[%clk 0:00:19]} Qf6
{[%clk 0:00:05]} 32. Qxh7+ Kf8 33. Ke2 {[%clk 0:00:09]} a5 {[%clk 0:00:08]} 34.
a4 {[%clk 0:00:09]} Re8 {[%clk 0:00:04]} 35. h4 {[%clk 0:00:08]} Rd8
{[%clk 0:00:04]} 36. Qh6+ {[%clk 0:00:05]} Kg8 {[%clk 0:00:04]} 37. h5
{[%clk 0:00:06]} Qxc3 {[%clk 0:00:00]} 1-0

[Event "Blitz 2018"]
[Site "Saint-Petersburg"]
[Date "2018.12.29"]
[Round "2"]
[Board "17"]
[White "Jobava Baadur (GEO)"]
[Black "Zakhartsov Vladimir (RUS)"]
[Result "1-0"]
[LiveChessVersion "1.4.8"]
[BlackElo "2567"]
[WhiteElo "2705"]

1. b3 {[%clk 0:03:02]} e5 {[%clk 0:02:59]} 2. Bb2 {[%clk 0:03:03]} d6
{[%clk 0:03:01]} 3. e3 {[%clk 0:03:03]} g6 {[%clk 0:02:58]} 4. d4
{[%clk 0:03:03]} Nd7 {[%clk 0:02:59]} 5. dxe5 {[%clk 0:03:02]} dxe5
{[%clk 0:03:00]} 6. Nc3 {[%clk 0:03:03]} Bg7 {[%clk 0:03:01]} 7. Qe2
{[%clk 0:02:55]} Ngf6 {[%clk 0:02:52]} 8. O-O-O {[%clk 0:02:55]} Qe7
{[%clk 0:02:40]} 9. g4 {[%clk 0:02:45]} h6 {[%clk 0:02:41]} 10. Bg2
{[%clk 0:02:36]} Nb6 {[%clk 0:02:38]} 11. h3 {[%clk 0:02:33]} c6 {[%clk 0:02:37]}
12. f4 {[%clk 0:02:29]} exf4 {[%clk 0:02:27]} 13. exf4 {[%clk 0:02:30]} Qxe2
{[%clk 0:02:28]} 14. Ngxe2 {[%clk 0:02:31]} O-O {[%clk 0:02:23]} 15. Ng3
{[%clk 0:02:29]} Be6 {[%clk 0:02:09]} 16. Nce4 {[%clk 0:02:25]} Nxe4
{[%clk 0:02:05]} 17. Bxe4 {[%clk 0:02:18]} Bd5 {[%clk 0:01:52]} 18. c4
{[%clk 0:02:06]} Bxe4 {[%clk 0:01:48]} 19. Nxe4 {[%clk 0:02:07]} Rad8
{[%clk 0:01:16]} 20. Nc5 {[%clk 0:01:53]} Rb8 {[%clk 0:01:04]} 21. Rhe1
{[%clk 0:01:53]} Rfc8 {[%clk 0:00:29]} 22. a4 {[%clk 0:01:51]} Bf8
{[%clk 0:00:16]} 23. Ne4 {[%clk 0:01:52]} Bb4 {[%clk 0:00:15]} 24. Re3
{[%clk 0:01:28]} Rd8 {[%clk 0:00:15]} 25. Red3 {[%clk 0:01:29]} Rxd3
{[%clk 0:00:15]} 26. Rxd3 {[%clk 0:01:30]} Kf8 {[%clk 0:00:11]} 27. Be5
{[%clk 0:01:30]} Ra8 {[%clk 0:00:07]} 28. Kc2 {[%clk 0:01:30]} a5
{[%clk 0:00:08]} 29. Bc7 {[%clk 0:01:29]} Ra6 {[%clk 0:00:04]} 30. Rd8+
{[%clk 0:01:26]} Ke7 {[%clk 0:00:06]} 31. Rb8 {[%clk 0:01:27]} Nd7
{[%clk 0:00:05]} 32. Rxb7 {[%clk 0:01:28]} f5 {[%clk 0:00:07]} 33. gxf5
{[%clk 0:01:11]} gxf5 {[%clk 0:00:08]} 34. Nf2 {[%clk 0:01:03]} Nc5
{[%clk 0:00:09]} 35. Rb8 {[%clk 0:01:03]} Ra7 {[%clk 0:00:08]} 36. Be5
{[%clk 0:01:00]} Rd7 {[%clk 0:00:08]} 37. Bc3 {[%clk 0:00:56]} Na6
{[%clk 0:00:06]} 38. Rh8 {[%clk 0:00:54]} Bxc3 {[%clk 0:00:05]} 39. Kxc3
{[%clk 0:00:55]} Rd6 {[%clk 0:00:05]} 40. Nd3 {[%clk 0:00:55]} Rg6
{[%clk 0:00:04]} 41. Kd4 {[%clk 0:00:53]} Rg3 {[%clk 0:00:04]} 42. Rxh6
{[%clk 0:00:52]} Nb4 {[%clk 0:00:04]} 43. Nxb4 {[%clk 0:00:51]} axb4
{[%clk 0:00:05]} 44. Rxc6 {[%clk 0:00:51]} Rxh3 {[%clk 0:00:06]} 45. a5
{[%clk 0:00:48]} Rxb3 {[%clk 0:00:07]} 46. Kc5 {[%clk 0:00:49]} Kd7
{[%clk 0:00:04]} 47. Rf6 {[%clk 0:00:50]} 1-0

[Event "Blitz 2018"]
[Site "Saint-Petersburg"]
[Date "2018.12.29"]
[Round "2"]
[Board "18"]
[White "Petrosian Tigran L. (ARM)"]
[Black "Khanin Semen (RUS)"]
[Result "1-0"]
[LiveChessVersion "1.4.8"]
[BlackElo "2564"]
[WhiteElo "2700"]

1. Nf3 {[%clk 0:03:03]} Nf6 {[%clk 0:03:03]} 2. g3 {[%clk 0:03:05]} g6 3. Bg2 Bg7
{[%clk 0:03:05]} 4. c4 {[%clk 0:03:07]} O-O {[%clk 0:03:05]} 5. Nc3
{[%clk 0:03:09]} d5 {[%clk 0:03:06]} 6. cxd5 {[%clk 0:03:10]} Nxd5
{[%clk 0:03:07]} 7. O-O {[%clk 0:03:10]} Nc6 {[%clk 0:03:03]} 8. d4
{[%clk 0:03:11]} Nb6 {[%clk 0:03:04]} 9. e3 {[%clk 0:03:12]} Re8 {[%clk 0:03:05]}
10. Re1 {[%clk 0:03:13]} a5 {[%clk 0:02:54]} 11. a3 {[%clk 0:03:07]} a4
{[%clk 0:02:42]} 12. Nd2 {[%clk 0:03:01]} e5 {[%clk 0:02:25]} 13. d5
{[%clk 0:02:59]} Ne7 {[%clk 0:02:26]} 14. e4 {[%clk 0:02:25]} c6 {[%clk 0:02:21]}
15. Nf1 {[%clk 0:02:26]} cxd5 {[%clk 0:02:17]} 16. exd5 {[%clk 0:02:27]} Nf5
{[%clk 0:02:17]} 17. Be3 {[%clk 0:02:23]} Nd4 {[%clk 0:01:56]} 18. Bxd4
{[%clk 0:02:04]} exd4 {[%clk 0:01:57]} 19. Nb5 {[%clk 0:02:05]} Rxe1
{[%clk 0:01:45]} 20. Qxe1 {[%clk 0:02:06]} Bd7 {[%clk 0:01:10]} 21. Nd6
{[%clk 0:01:22]} Rb8 {[%clk 0:00:30]} 22. Nd2 {[%clk 0:01:08]} Bg4
{[%clk 0:00:24]} 23. N2c4 {[%clk 0:01:02]} Nxc4 {[%clk 0:00:25]} 24. Nxc4
{[%clk 0:01:03]} b5 {[%clk 0:00:26]} 25. Ne5 {[%clk 0:01:02]} Bf5
{[%clk 0:00:21]} 26. Nc6 {[%clk 0:01:03]} Qd6 {[%clk 0:00:17]} 27. Nxb8
{[%clk 0:01:04]} Qxb8 {[%clk 0:00:18]} 28. Be4 {[%clk 0:00:57]} Bd7
{[%clk 0:00:19]} 29. Qb4 {[%clk 0:00:54]} Qe5 {[%clk 0:00:17]} 30. Re1
{[%clk 0:00:55]} Qg5 {[%clk 0:00:14]} 31. Qd6 {[%clk 0:00:44]} Bh3
{[%clk 0:00:13]} 32. Bg2 {[%clk 0:00:40]} Bf8 {[%clk 0:00:12]} 33. Qe5
{[%clk 0:00:34]} Qxe5 {[%clk 0:00:07]} 34. Rxe5 {[%clk 0:00:36]} d3
{[%clk 0:00:08]} 35. Bxh3 {[%clk 0:00:35]} 1-0

[Event "Blitz 2018"]
[Site "Saint-Petersburg"]
[Date "2018.12.29"]
[Round "2"]
[Board "20"]
[White "Teske Henrik (GER)"]
[Black "Vitiugov Nikita (RUS)"]
[Result "0-1"]
[LiveChessVersion "1.4.8"]
[BlackElo "2696"]
[WhiteElo "2565"]

1. Nf3 {[%clk 0:03:03]} d5 {[%clk 0:03:03]} 2. d4 {[%clk 0:03:02]} Nf6
{[%clk 0:03:03]} 3. c4 {[%clk 0:03:03]} e6 {[%clk 0:03:03]} 4. Nc3
{[%clk 0:03:03]} c6 {[%clk 0:03:04]} 5. Bg5 {[%clk 0:02:57]} h6 {[%clk 0:03:03]}
6. Bxf6 {[%clk 0:02:54]} Qxf6 {[%clk 0:03:03]} 7. e4 {[%clk 0:02:45]} dxe4
{[%clk 0:03:02]} 8. Nxe4 {[%clk 0:02:45]} Bb4+ {[%clk 0:03:00]} 9. Ke2
{[%clk 0:02:46]} Qf4 {[%clk 0:02:52]} 10. Qc2 {[%clk 0:02:41]} f5
{[%clk 0:02:34]} 11. Nc3 {[%clk 0:02:21]} c5 {[%clk 0:02:16]} 12. g3
{[%clk 0:01:58]} Qg4 {[%clk 0:02:17]} 13. h3 {[%clk 0:01:52]} Qh5
{[%clk 0:02:17]} 14. a3 {[%clk 0:01:49]} Bxc3 {[%clk 0:01:58]} 15. Qxc3
{[%clk 0:01:44]} cxd4 {[%clk 0:01:39]} 16. Qxd4 {[%clk 0:01:42]} O-O 17. Bg2 Nc6
{[%clk 0:01:38]} 18. Qh4 {[%clk 0:00:52]} Qf7 {[%clk 0:01:37]} 19. Rhd1
{[%clk 0:00:47]} e5 {[%clk 0:01:36]} 20. Rac1 {[%clk 0:00:34]} e4
{[%clk 0:01:22]} 21. Nd4 {[%clk 0:00:29]} Ne5 22. Kf1 Kh7 {[%clk 0:01:06]} 0-1

[Event "Blitz 2018"]
[Site "Saint-Petersburg"]
[Date "2018.12.29"]
[Round "2"]
[Board "22"]
[White "Gabrielian Artur (RUS)"]
[Black "Kovalenko Igor (LAT)"]
[Result "0-1"]
[LiveChessVersion "1.4.8"]
[BlackElo "2693"]
[WhiteElo "2562"]

1. e4 {[%clk 0:03:03]} c5 {[%clk 0:02:57]} 2. Nc3 {[%clk 0:03:03]} e6
{[%clk 0:02:58]} 3. Nf3 {[%clk 0:03:02]} Nc6 {[%clk 0:03:00]} 4. d4
{[%clk 0:03:02]} cxd4 {[%clk 0:03:01]} 5. Nxd4 Nf6 6. a3 {[%clk 0:03:04]} Be7
{[%clk 0:03:00]} 7. Be3 {[%clk 0:03:04]} O-O {[%clk 0:02:57]} 8. Be2
{[%clk 0:03:05]} d6 {[%clk 0:02:59]} 9. O-O {[%clk 0:02:56]} Re8 {[%clk 0:02:44]}
10. f4 {[%clk 0:02:56]} e5 {[%clk 0:02:45]} 11. Nb3 {[%clk 0:02:32]} exf4
{[%clk 0:02:38]} 12. Bxf4 {[%clk 0:02:33]} Be6 {[%clk 0:02:39]} 13. Kh1
{[%clk 0:02:33]} Rc8 {[%clk 0:02:30]} 14. Bf3 {[%clk 0:02:23]} Ne5
{[%clk 0:02:26]} 15. Nd4 {[%clk 0:02:14]} Qb6 {[%clk 0:02:22]} 16. Nxe6
{[%clk 0:01:37]} fxe6 {[%clk 0:02:23]} 17. Rb1 {[%clk 0:01:37]} Nfd7
{[%clk 0:02:12]} 18. Bg3 {[%clk 0:01:35]} Bf6 {[%clk 0:02:07]} 19. Bf2
{[%clk 0:01:34]} Qc6 {[%clk 0:01:59]} 20. Bh5 {[%clk 0:01:09]} Re7
{[%clk 0:01:50]} 21. Re1 {[%clk 0:01:08]} a6 {[%clk 0:01:50]} 22. Ne2
{[%clk 0:01:08]} Rf8 {[%clk 0:00:59]} 23. Nd4 {[%clk 0:01:06]} Qc7
{[%clk 0:01:01]} 24. Bg1 {[%clk 0:01:03]} Bh4 {[%clk 0:00:58]} 25. Rf1 Nf6 26.
Bf3 {[%clk 0:00:47]} Bg5 {[%clk 0:00:58]} 27. Qe2 {[%clk 0:00:48]} Rc8
{[%clk 0:00:51]} 28. c3 {[%clk 0:00:50]} b5 {[%clk 0:00:50]} 29. Rbd1
{[%clk 0:00:51]} Qc4 {[%clk 0:00:45]} 30. Qc2 {[%clk 0:00:50]} h5
{[%clk 0:00:41]} 31. Be2 {[%clk 0:00:50]} Qc7 {[%clk 0:00:42]} 32. Qb3
{[%clk 0:00:49]} Rce8 {[%clk 0:00:41]} 33. Nf5 {[%clk 0:00:45]} Rd7
{[%clk 0:00:39]} 34. Ng3 {[%clk 0:00:40]} h4 {[%clk 0:00:38]} 35. Nh5
{[%clk 0:00:40]} Qc6 {[%clk 0:00:33]} 36. Nxf6+ {[%clk 0:00:41]} gxf6
{[%clk 0:00:34]} 37. Qc2 {[%clk 0:00:39]} Kf7 {[%clk 0:00:35]} 38. Bd4
{[%clk 0:00:40]} Ke7 {[%clk 0:00:36]} 39. Ra1 {[%clk 0:00:39]} h3
{[%clk 0:00:32]} 40. g3 {[%clk 0:00:40]} Rf8 {[%clk 0:00:28]} 41. a4 b4 42. Kg1
{[%clk 0:00:32]} b3 {[%clk 0:00:30]} 43. Qb1 {[%clk 0:00:28]} f5 {[%clk 0:00:24]}
44. Bxe5 {[%clk 0:00:26]} dxe5 {[%clk 0:00:21]} 45. Bf3 {[%clk 0:00:27]} Rd2
{[%clk 0:00:16]} 46. Kh1 {[%clk 0:00:11]} f4 {[%clk 0:00:16]} 47. g4
{[%clk 0:00:08]} Bh4 {[%clk 0:00:18]} 48. Rd1 Rfd8 49. Rxd2 {[%clk 0:00:09]} Rxd2
{[%clk 0:00:20]} 50. Qg1 {[%clk 0:00:11]} Rxb2 {[%clk 0:00:15]} 51. Rd1
{[%clk 0:00:12]} Qxc3 {[%clk 0:00:12]} 52. Qa7+ {[%clk 0:00:13]} Kf6
{[%clk 0:00:13]} 53. g5+ {[%clk 0:00:11]} Bxg5 {[%clk 0:00:15]} 54. Bh5
{[%clk 0:00:11]} Rxh2+ {[%clk 0:00:11]} 55. Kg1 {[%clk 0:00:10]} Qg3+
{[%clk 0:00:11]} 56. Kf1 {[%clk 0:00:12]} Qg2+ 0-1

[Event "Blitz 2018"]
[Site "Saint-Petersburg"]
[Date "2018.12.29"]
[Round "2"]
[Board "23"]
[White "Kevlishvili Robby (NED)"]
[Black "Ponkratov Pavel (RUS)"]
[Result "1/2-1/2"]
[LiveChessVersion "1.4.8"]
[BlackElo "2688"]
[WhiteElo "2530"]

1. e4 {[%clk 0:03:02]} c5 {[%clk 0:03:03]} 2. Nf3 {[%clk 0:03:03]} b6
{[%clk 0:03:05]} 3. d4 {[%clk 0:03:02]} cxd4 {[%clk 0:03:06]} 4. Nxd4
{[%clk 0:03:03]} Bb7 {[%clk 0:03:07]} 5. Nc3 {[%clk 0:03:04]} a6 {[%clk 0:03:08]}
6. Be3 {[%clk 0:03:02]} e6 {[%clk 0:03:06]} 7. Bd3 {[%clk 0:02:58]} Qc7
{[%clk 0:03:06]} 8. O-O {[%clk 0:02:58]} Nf6 {[%clk 0:03:06]} 9. f4
{[%clk 0:02:52]} Bc5 {[%clk 0:03:04]} 10. e5 {[%clk 0:02:47]} Nd5
{[%clk 0:03:05]} 11. Nxd5 {[%clk 0:02:48]} Bxd5 {[%clk 0:03:05]} 12. Qg4
{[%clk 0:02:40]} Nc6 {[%clk 0:03:03]} 13. c3 {[%clk 0:02:20]} O-O
{[%clk 0:03:01]} 14. Kh1 {[%clk 0:02:15]} f5 {[%clk 0:03:01]} 15. Qe2
{[%clk 0:02:04]} Bxd4 {[%clk 0:03:01]} 16. cxd4 {[%clk 0:02:05]} b5
{[%clk 0:03:01]} 17. Rac1 {[%clk 0:02:01]} Qb7 {[%clk 0:03:02]} 18. b3
{[%clk 0:01:59]} Rac8 {[%clk 0:03:03]} 19. Rc5 {[%clk 0:02:00]} Ne7
{[%clk 0:02:40]} 20. Rfc1 {[%clk 0:01:54]} Rxc5 {[%clk 0:02:41]} 21. dxc5
{[%clk 0:01:43]} g5 {[%clk 0:02:25]} 22. Qf2 {[%clk 0:01:03]} g4 {[%clk 0:02:15]}
23. Bf1 {[%clk 0:01:02]} Ng6 {[%clk 0:02:16]} 24. Kg1 {[%clk 0:01:00]} h5
{[%clk 0:02:16]} 25. g3 {[%clk 0:00:57]} Qc6 {[%clk 0:02:15]} 26. Bg2
{[%clk 0:00:57]} Bxg2 {[%clk 0:02:15]} 27. Qxg2 {[%clk 0:00:58]} Qxg2+
{[%clk 0:02:15]} 28. Kxg2 {[%clk 0:00:59]} Ne7 {[%clk 0:02:17]} 29. h4
{[%clk 0:00:48]} Rc8 {[%clk 0:02:11]} 30. Kf2 {[%clk 0:00:48]} Nd5
{[%clk 0:02:12]} 31. a3 {[%clk 0:00:44]} Kf7 {[%clk 0:01:44]} 32. Ke2
{[%clk 0:00:45]} Ke7 {[%clk 0:01:44]} 33. Kd3 {[%clk 0:00:45]} Kd8
{[%clk 0:01:42]} 34. Bd2 {[%clk 0:00:38]} Kc7 {[%clk 0:01:43]} 35. Ba5+
{[%clk 0:00:34]} Kb7 {[%clk 0:01:43]} 36. Kd4 {[%clk 0:00:34]} Kc6
{[%clk 0:01:32]} 37. Bd2 {[%clk 0:00:32]} Ra8 {[%clk 0:01:31]} 38. Rb1
{[%clk 0:00:31]} a5 {[%clk 0:01:31]} 39. Rc1 {[%clk 0:00:32]} b4 {[%clk 0:01:22]}
40. a4 {[%clk 0:00:33]} Rc8 {[%clk 0:00:33]} 41. Ke4 1/2-1/2

[Event "Blitz 2018"]
[Site "Saint-Petersburg"]
[Date "2018.12.29"]
[Round "2"]
[Board "24"]
[White "Mikhalevski Victor (ISR)"]
[Black "Dreev Aleksey (RUS)"]
[Result "0-1"]
[LiveChessVersion "1.4.8"]
[BlackElo "2675"]
[WhiteElo "2521"]

1. d4 {[%clk 0:03:03]} d5 {[%clk 0:03:03]} 2. c4 {[%clk 0:03:04]} c6
{[%clk 0:03:05]} 3. cxd5 {[%clk 0:03:04]} cxd5 {[%clk 0:03:06]} 4. Bg5
{[%clk 0:03:05]} h6 {[%clk 0:03:03]} 5. Bh4 {[%clk 0:03:06]} Qb6 {[%clk 0:03:05]}
6. Nc3 {[%clk 0:03:04]} e6 {[%clk 0:03:06]} 7. Qd2 {[%clk 0:02:58]} Ne7
{[%clk 0:03:03]} 8. f3 {[%clk 0:02:39]} Nbc6 {[%clk 0:03:03]} 9. Bf2
{[%clk 0:02:35]} Nf5 {[%clk 0:02:16]} 10. Rd1 {[%clk 0:02:19]} Bb4
{[%clk 0:02:02]} 11. a3 {[%clk 0:02:04]} Bxc3 {[%clk 0:02:01]} 12. Qxc3
{[%clk 0:02:03]} Bd7 {[%clk 0:02:00]} 13. e4 {[%clk 0:01:59]} Nfe7
{[%clk 0:01:45]} 14. b4 {[%clk 0:01:45]} Rc8 {[%clk 0:01:44]} 15. Qc5
{[%clk 0:01:36]} Qd8 {[%clk 0:01:32]} 16. Qd6 {[%clk 0:01:32]} O-O
{[%clk 0:01:29]} 17. Bd3 {[%clk 0:01:25]} a5 {[%clk 0:00:59]} 18. Ne2
{[%clk 0:01:17]} axb4 {[%clk 0:01:00]} 19. axb4 {[%clk 0:01:17]} Ra8
{[%clk 0:00:37]} 20. O-O {[%clk 0:01:12]} Nc8 {[%clk 0:00:38]} 21. Qc5
{[%clk 0:01:09]} b6 {[%clk 0:00:37]} 22. Qc3 {[%clk 0:01:04]} Nd6
{[%clk 0:00:33]} 23. Qb3 {[%clk 0:00:58]} Ne7 {[%clk 0:00:27]} 24. Bh4
{[%clk 0:00:52]} Ba4 {[%clk 0:00:27]} 25. Qb1 {[%clk 0:00:47]} Bxd1
{[%clk 0:00:28]} 26. Rxd1 Qd7 27. Qb3 {[%clk 0:00:41]} Rfc8 {[%clk 0:00:23]} 28.
Bxe7 {[%clk 0:00:24]} Qxe7 {[%clk 0:00:25]} 29. exd5 {[%clk 0:00:25]} exd5
{[%clk 0:00:26]} 30. Qxd5 {[%clk 0:00:25]} Qe3+ {[%clk 0:00:24]} 31. Kf1
{[%clk 0:00:27]} Rd8 {[%clk 0:00:24]} 32. Qb3 {[%clk 0:00:21]} Nf5
{[%clk 0:00:19]} 33. Qb2 {[%clk 0:00:12]} Qg5 {[%clk 0:00:15]} 34. Kf2
{[%clk 0:00:07]} Qh4+ {[%clk 0:00:14]} 35. Kg1 {[%clk 0:00:08]} Ne3
{[%clk 0:00:15]} 36. Rc1 {[%clk 0:00:09]} Qg5 {[%clk 0:00:14]} 37. Ng3
{[%clk 0:00:08]} Qf6 {[%clk 0:00:12]} 38. Be4 {[%clk 0:00:09]} Rac8
{[%clk 0:00:11]} 39. Rxc8 {[%clk 0:00:09]} Rxc8 {[%clk 0:00:13]} 40. Qd2
{[%clk 0:00:06]} Nc4 {[%clk 0:00:13]} 41. Qd3 {[%clk 0:00:07]} b5
{[%clk 0:00:13]} 42. h3 {[%clk 0:00:07]} Rd8 {[%clk 0:00:15]} 43. d5
{[%clk 0:00:07]} Qe5 {[%clk 0:00:14]} 44. Nf5 {[%clk 0:00:08]} h5
{[%clk 0:00:14]} 45. h4 {[%clk 0:00:08]} Qa1+ {[%clk 0:00:13]} 46. Kh2
{[%clk 0:00:10]} Qe5+ {[%clk 0:00:13]} 47. Kg1 {[%clk 0:00:09]} Qf6
{[%clk 0:00:14]} 48. Nd4 {[%clk 0:00:05]} Qxh4 {[%clk 0:00:11]} 49. Nc6
{[%clk 0:00:06]} Ra8 {[%clk 0:00:11]} 50. Qd1 {[%clk 0:00:05]} Ne3
{[%clk 0:00:12]} 51. Qc1 {[%clk 0:00:06]} Qg3 {[%clk 0:00:12]} 52. f4
{[%clk 0:00:06]} Ng4 {[%clk 0:00:12]} 53. Qb2 {[%clk 0:00:03]} Qh2+
{[%clk 0:00:10]} 54. Kf1 {[%clk 0:00:04]} Qxf4+ {[%clk 0:00:11]} 55. Bf3
{[%clk 0:00:06]} Nh2+ {[%clk 0:00:10]} 56. Kf2 {[%clk 0:00:07]} Nxf3
{[%clk 0:00:11]} 57. gxf3 {[%clk 0:00:08]} h4 {[%clk 0:00:11]} 58. Qc3
{[%clk 0:00:07]} h3 {[%clk 0:00:10]} 59. d6 {[%clk 0:00:07]} Ra2+
{[%clk 0:00:09]} 0-1